Statistics for Florida Panthers Roster

Click here to take the quiz!

General Stats

  • This quiz has been taken 40 times
    (4 since last reset)
  • The average score is 15 of 23

Answer Stats

Hint Answer % Correct
1Luongo
100%
16Barkov
100%
34Reimer
100%
5Ekblad
100%
11Huberdeau
100%
63Dadonov
100%
3Yandle
75%
27Bjugstad
75%
21Trocheck
75%
13Pysyk
75%
72Vatrano
75%
88McGinn
75%
17MacKenzie
75%
52Weegar
50%
19Matheson
50%
62Malgin
50%
12McCoshen
50%
78Mamin
50%
23Brickley
25%
18Haley
25%
7Sceviour
25%
90McCann
25%
6Petrovic
25%

Score Distribution

Percentile by Number Answered

Percent of People with Each Score

Your Score History

You have not taken this quiz since the last reset